Statistics for Brand Logos That Start with A

Click here to take the quiz!

General Stats

  • This quiz has been taken 33,784 times
    (30,671 since last reset)
  • The average score is 14 of 20

Answer Stats

Answer% Correct
Amazon
100%
Adidas
99%
Apple
99%
Audi
95%
Android
91%
Air Jordan
80%
Aldi
74%
AirBnb
73%
American Airlines
73%
Alfa Romeo
65%
Arby's
64%
Adobe
63%
Atari
62%
AT&T
62%
Asics
58%
Aquafina
53%
Arm & Hammer
51%
American Express
44%
Acura
40%
AOL Instant Messenger
27%

Score Distribution

Percentile by Number Answered

Percent of People with Each Score

Your Score History

You have not taken this quiz since the last reset